Мастер-класс "Новые тенденции в рекламе и связях с общественностью": электронный курс

Xehetasun bibliografikoak
Egile nagusia: Латышева Е. В. Елена Владимировна
Erakunde egilea: Национальный исследовательский Томский политехнический университет (ТПУ) Институт социально-гуманитарных технологий (ИСГТ) Кафедра культурологии и социальной коммуникации (КТЛ)
Gaia:Заглавие с экрана
Целью освоения дисциплины является приобретение студентами компетенций в области планирования и реализации коммуникационных кампаний в социальных медиа.
Доступ по логину и паролю
Hizkuntza:errusiera
Argitaratua: Томск, TPU Moodle, 2014
Gaiak:
Sarrera elektronikoa:https://design.lms.tpu.ru/course/view.php?id=179
Formatua: Baliabide elektronikoa Liburua
KOHA link:https://koha.lib.tpu.ru/cgi-bin/koha/opac-detail.pl?biblionumber=651595

MARC

LEADER 00000nlm0a2200000 4500
001 651595
005 20231102025811.0
035 |a (RuTPU)RU\TPU\network\16844 
035 |a RU\TPU\network\16842 
090 |a 651595 
100 |a 20161116d2014 m y0rusy50 ca 
101 0 |a rus 
102 |a RU 
105 |a a j 000zy 
135 |a jrcn ---uucaa 
181 0 |a i  
182 0 |a b 
200 1 |a Мастер-класс "Новые тенденции в рекламе и связях с общественностью"  |e электронный курс  |f Е. В. Латышева  |g Национальный исследовательский Томский политехнический университет (ТПУ), Институт социально-гуманитарных технологий (ИСГТ), Кафедра культурологии и социальной коммуникации (КТЛ) 
203 |a Текст  |c электронный 
210 |a Томск  |c TPU Moodle  |d 2014 
230 |a Электрон. дан. 
300 |a Заглавие с экрана 
330 |a Целью освоения дисциплины является приобретение студентами компетенций в области планирования и реализации коммуникационных кампаний в социальных медиа. 
333 |a Доступ по логину и паролю 
606 1 |a Реклама  |2 stltpush  |3 (RuTPU)RU\TPU\subj\24860  |9 49135 
606 1 |a Паблик Рилейшнз (ПР)  |2 stltpush  |3 (RuTPU)RU\TPU\subj\27914  |9 51569 
610 1 |a электронный ресурс 
610 1 |a труды учёных ТПУ 
610 1 |a электронное обучение 
610 1 |a электронные курсы ТПУ 
610 1 |a социальные медиа 
610 1 |a реклама 
610 1 |a связи с общественностью 
610 1 |a социальные сети 
610 1 |a компетенции 
610 1 |a планирование 
610 1 |a реализация 
610 1 |a электронные учебные пособия 
610 1 |a учебные пособия 
675 |a 659  |v 3 
675 |a 659.4  |v 3 
700 1 |a Латышева  |b Е. В.  |c специалист в области культурологии и социальной коммуникации  |c доцент Томского политехнического университета, кандидат философских наук  |f 1977-  |g Елена Владимировна  |2 stltpush  |3 (RuTPU)RU\TPU\pers\24643 
712 0 2 |a Национальный исследовательский Томский политехнический университет (ТПУ)  |b Институт социально-гуманитарных технологий (ИСГТ)  |b Кафедра культурологии и социальной коммуникации (КТЛ)  |h 42  |2 stltpush  |3 (RuTPU)RU\TPU\col\18374 
801 2 |a RU  |b 63413507  |c 20211112  |g RCR 
856 4 |u https://design.lms.tpu.ru/course/view.php?id=179 
942 |c CF